| 000 | 00318nam a2200121Ia 4500 | ||
|---|---|---|---|
| 008 | 230907s9999||||xx |||||||||||||| ||und|| | ||
| 082 | _a532.05,PAN | ||
| 100 |
_aPanigrahi, Pradipta Kumar _9115155 |
||
| 245 | 0 | _aTransport phenomena: | |
| 260 |
_aJohn Wiley _bSingapore _c2016 |
||
| 300 | _axxxviii,514p.: | ||
| 942 | _cBK | ||
| 999 |
_c597727 _d597727 |
||